Open Data Biblioteca Nacional de Portugal


República Portuguesa: Ministério da Cultura
Biblioteca Nacional de Portugal

Catálogo da BNP: acesso por Identificadores Unívocos
Registos Bibliográficos associados ao registo de autoridade

Etiqueta de registo: 00000nam 2200025 450
001 2282008
003 http://id.bnportugal.gov.pt/bib/catbnp/2282008
100 ## $a20260320d2026 k y0pory01030103ba
101 0# $aeng$dpor
102 ## $aPT
105 ## $aa m 000yy
106 ## $ar
200 1# $a The absolute absence$enarratives of creativity and aesthetic self-regulation in educational discourse$fWiktoria Szawiel$gorient. Jorge Manuel Nunes Ramos do Ó
210 #9 $aLisboa$c[s.n.],$d2026
215 ## $a[16], 316 p.$cil.$d30 cm
328 #1 $aTese dout. Educação Artística, Faculdade de Belas-Artes, Universidade de Lisboa, Faculdade de Belas-Artes, Universidade do Porto, 2026
675 ## $a7.071(043)$vBN$zpor$31399176
675 ## $a37.03(043)$vBN$zpor$3472533
675 ## $a377.36(043)$vBN$zpor$31879113
700 #1 $aSzawiel,$bWiktoria$31992688
702 #1 $aÓ,$bJorge Ramos do,$f1962-$4727$350035
801 #0 $aPT$bBN$gRPC
966 ## $lBN$mFGMON$sB.A. 53524 V.$x1
971 ## $corlando$d20260320
973 ## $ctrodrigues$d20260324
975 ## $e0$d20260422$viquintas

OpendataBNP@bnportugal.pt | Mais informação sobre acesso aos dados BNP